00318nam a2200109Ia 4500003000400000008004100004040000800045100001700053245009400070260003000164300001400194LDD181029s9999 xx 000 0 und d cLDD aDods, Marcus 0aMohammed, Buddha, and Christbfour lectures on natural and revealed religioncMarcus Dods aNew DelhibArchivesc1987 avii, 240p